|
|
|
|
| LEADER |
00000cam a2200000 a 4500 |
| 001 |
vtls001445237 |
| 003 |
SK-MaSNL |
| 005 |
20260301190943.0 |
| 008 |
240226s2002 xo ol grnf 000 0 slo |
| 015 |
|
|
|a SNBA2003/01-00222
|
| 020 |
|
|
|a 8096873571
|q (brožované)
|
| 035 |
|
|
|a SNK000400469
|
| 035 |
|
|
|a urn:nbn:sk:snk-am3iq9a
|
| 035 |
|
|
|a EA1817BF-2771-418E-8DE2-931912FF6B0D
|
| 035 |
|
|
|a urn:nbn:sk:snk-am00fdss
|
| 040 |
|
|
|a SNK
|b slo
|c SNK
|e AACR2
|
| 041 |
0 |
|
|a slo
|
| 043 |
|
|
|a e-xo---
|
| 044 |
|
|
|a xo
|c SK
|
| 072 |
|
7 |
|a 316.3
|x Globálne spoločnosti. Sociálna štruktúra. Sociálne skupiny
|2 konspekt
|
| 080 |
|
|
|a 323.12(=924)
|2 1997
|
| 080 |
|
|
|a (=411.16)
|2 2011
|
| 080 |
|
|
|a 94(=411.16)
|2 2011
|
| 080 |
|
|
|a (437.671.124.179)
|2 2011
|
| 080 |
|
|
|a (035)
|2 2011
|
| 100 |
1 |
|
|a Soľaník, Igor,
|d 1959-
|4 aut
|9 566904
|
| 245 |
1 |
0 |
|a Stručné dejiny židov vo Vranove nad Topľou
|c Igor Soľaník ; [autor fotografií: Radoslav Hudacký]
|
| 260 |
|
|
|a Vranov nad Topľou
|b Mestský úrad
|c 2002
|
| 300 |
|
|
|a 53 strán
|b fotografie, schémy
|c 21 cm
|
| 504 |
|
|
|a Bibliografia na strane 51-53
|
| 650 |
0 |
7 |
|a Židia
|2 SNKPH
|9 3760
|
| 650 |
0 |
7 |
|a dejiny Židov
|2 SNKPH
|9 83301
|
| 651 |
|
7 |
|a Vranov nad Topľou (Slovensko)
|2 SNKPHgeo
|9 17494
|
| 655 |
|
7 |
|a príručky
|2 SNKPH
|9 74364
|
| 700 |
1 |
|
|a Hudacký, Radoslav
|4 pht
|9 566905
|
| 919 |
|
|
|a 80-968735-7-1
|
| 958 |
|
|
|a TL
|
| 958 |
|
|
|a NB
|
| 958 |
|
|
|a OND
|
| 958 |
|
|
|a SP
|
| 999 |
|
|
|c 869367
|d 871297
|
| 952 |
|
|
|t P60, <03>, [BOOK], {603}
|a SNK
|b SNK
|y PREZ
|7 0
|p 17A0365488
|o snkSC 109986
|i snkKSP 14471/2002
|0 0
|1 0
|4 0
|d 2002-11-27
|f 1
|l 0
|r 2025-09-30 00:00:00
|w 2026-02-24
|
| 952 |
|
|
|t P60, <04>, [BOOK], {604}
|a SNK
|b SNK
|y VYP
|7 0
|p 17A0398924
|o snkSC 109986 D1
|i snkKSP 12525/2003
|0 0
|1 0
|4 0
|d 2003-09-25
|l 0
|r 2005-01-02 00:00:00
|w 2026-02-24
|